| 000 | 00486cam a2200169 a 4500 | ||
|---|---|---|---|
| 020 | _a0697395979 (acidfree paper) | ||
| 040 | _cDLC | ||
| 082 | 0 | 0 | _a540 MCG 2000 A035 Or. |
| 100 | 1 | _aSilberberg, Martin S. | |
| 245 | 1 | 0 |
_aChemistry : _bthe molecular nature of matter and change / |
| 250 | _a2nd ed. | ||
| 260 |
_aBoston : _bMcGraw-Hill, _cc2000. |
||
| 300 |
_a1 v. (various pagings) : _bill. (some col.) ; _c28 cm. |
||
| 500 | _aIncludes index. | ||
| 650 | 0 | _aChemistry. | |
| 942 | _cEK | ||
| 999 |
_c12682 _d12682 |
||